[Event "Dutch Internet Championship Final"]
[Site "playchess.com #038132"]
[Date "2011.06.18"]
[Round "1.4"]
[White "Reinderman"]
[Black "Zgorl"]
[Result "1-0"]
[WhiteElo "2486"]
[BlackElo "2466"]
[PlyCount "69"]
[EventDate "2011.06.18"]
[EventType "match (blitz)"]
[TimeControl "180+3"]

1. c4 {[%emt 0:00:01]} e5 {[%emt 0:00:06]} 2. Nc3 {[%emt 0:00:01]} Nf6 {[%emt
0:00:01]} 3. Nf3 {[%emt 0:00:01]} Nc6 {[%emt 0:00:01]} 4. g3 {[%emt 0:00:01]}
Bb4 {[%emt 0:00:03]} 5. Bg2 {[%emt 0:00:01]} O-O {[%emt 0:00:01]} 6. Nd5 {
[%emt 0:00:01]} Bc5 {[%emt 0:00:07]} 7. O-O {[%emt 0:00:02]} Re8 {[%emt 0:00:
04]} 8. e3 {[%emt 0:00:01]} a6 {[%emt 0:00:02]} 9. d4 {[%emt 0:00:06]} Ba7 {
[%emt 0:00:08]} 10. Nxf6+ {[%emt 0:00:02]} Qxf6 {[%emt 0:00:01]} 11. d5 {[%emt
0:00:01]} Ne7 {[%emt 0:00:04]} 12. e4 {[%emt 0:00:01]} d6 {[%emt 0:00:03]} 13.
h3 {[%emt 0:00:09]} c6 {[%emt 0:00:04]} 14. Kh2 {[%emt 0:00:08]} h6 {[%emt 0:
00:05]} 15. Ne1 {[%emt 0:00:18]} cxd5 {[%emt 0:00:04]} 16. cxd5 {[%emt 0:00:01]
} Bd7 {[%emt 0:00:07]} 17. Nd3 {[%emt 0:00:01]} Bb5 {[%emt 0:00:07]} 18. a4 {
[%emt 0:00:03]} Bxd3 {[%emt 0:00:08]} 19. Qxd3 {[%emt 0:00:01]} Ng6 {[%emt 0:
00:17]} 20. Bd2 {[%emt 0:00:13]} Bd4 {[%emt 0:00:24]} 21. Rab1 {[%emt 0:00:07]}
Rec8 {[%emt 0:00:03]} 22. h4 {[%emt 0:00:04]} Qd8 {[%emt 0:00:27]} 23. Bh3 {
[%emt 0:00:13]} Rc7 {[%emt 0:00:07]} 24. Ba5 {[%emt 0:00:32]} b6 {[%emt 0:00:
01]} 25. Bc3 {[%emt 0:00:01]} Bxc3 {[%emt 0:00:11]} 26. bxc3 {[%emt 0:00:01]}
Rc5 {[%emt 0:00:02]} 27. Rb3 {[%emt 0:00:01]} Qc7 {[%emt 0:00:10]} 28. Rfb1 {
[%emt 0:00:02]} Nf8 {[%emt 0:00:13]} 29. Rxb6 {[%emt 0:00:14]} Rxc3 {[%emt 0:
00:03]} 30. Qf1 {[%emt 0:00:09]} Rc2 {[%emt 0:00:08]} 31. Kg1 {[%emt 0:00:06]}
Rc4 {[%emt 0:00:31]} 32. R6b4 {[%emt 0:00:04]} Rxb4 {[%emt 0:00:12]} 33. Rxb4 {
[%emt 0:00:01]} Qa5 {[%emt 0:00:10]} 34. Qc4 {[%emt 0:00:07]} Nh7 {[%emt 0:00:
14]} 35. Bd7 {[%emt 0:00:17] Reinderman claims flag (automatic).  (Lag: Av=0.
29s, max=2.1s)} 1-0

[Event "Dutch Internet Championship Final"]
[Site "playchess.com #038132"]
[Date "2011.06.18"]
[Round "1.4"]
[White "Kemps"]
[Black "Christov"]
[Result "1/2-1/2"]
[WhiteElo "2415"]
[BlackElo "2457"]
[PlyCount "73"]
[EventDate "2011.06.18"]
[EventType "match (blitz)"]

1. e4 {[%emt 0:00:01]} c5 {[%emt 0:00:01]} 2. Nf3 {[%emt 0:00:01]} d6 {[%emt 0:
00:01]} 3. d4 {[%emt 0:00:01]} cxd4 {[%emt 0:00:01]} 4. Nxd4 {[%emt 0:00:00]}
Nf6 {[%emt 0:00:00]} 5. Nc3 {[%emt 0:00:01]} g6 {[%emt 0:00:00]} 6. g3 {[%emt
0:00:02]} Bg7 {[%emt 0:00:01]} 7. Bg2 {[%emt 0:00:01]} O-O {[%emt 0:00:01]} 8.
O-O {[%emt 0:00:01]} a6 {[%emt 0:00:15]} 9. a4 {[%emt 0:00:05]} Qc7 {[%emt 0:
00:03]} 10. Nd5 {[%emt 0:00:04]} Qd8 {[%emt 0:00:06]} 11. Bg5 {[%emt 0:00:02]}
Nbd7 {[%emt 0:00:04]} 12. Re1 {[%emt 0:00:01]} h6 {[%emt 0:00:05]} 13. Be3 {
[%emt 0:00:05]} e6 {[%emt 0:00:04]} 14. Nxf6+ {[%emt 0:00:11]} Nxf6 {[%emt 0:
00:01]} 15. h3 {[%emt 0:00:01]} Qe7 {[%emt 0:00:02]} 16. Qd2 {[%emt 0:00:02]}
Kh7 {[%emt 0:00:04]} 17. a5 {[%emt 0:00:03]} e5 {[%emt 0:00:06]} 18. Ne2 {
[%emt 0:00:05]} Be6 {[%emt 0:00:03]} 19. b3 {[%emt 0:00:01]} Qd7 {[%emt 0:00:
07]} 20. Kh2 {[%emt 0:00:04]} d5 {[%emt 0:00:11]} 21. exd5 {[%emt 0:00:06]}
Nxd5 {[%emt 0:00:21]} 22. Bc5 {[%emt 0:00:08]} Rfc8 {[%emt 0:00:07]} 23. Ba3 {
[%emt 0:00:03]} e4 {[%emt 0:00:46]} 24. Rad1 {[%emt 0:00:06]} Nf6 {[%emt 0:00:
02]} 25. Qxd7 {[%emt 0:00:12]} Bxd7 {[%emt 0:00:01]} 26. Nd4 {[%emt 0:00:02]}
Re8 {[%emt 0:00:03]} 27. c4 {[%emt 0:00:03]} Rad8 {[%emt 0:00:07]} 28. Nc2 {
[%emt 0:00:03]} Bc8 {[%emt 0:00:02]} 29. Ne3 {[%emt 0:00:04]} h5 {[%emt 0:00:
18]} 30. Bc5 {[%emt 0:00:17]} Nd7 {[%emt 0:00:10]} 31. Bb4 {[%emt 0:00:13]} f5
{[%emt 0:00:08]} 32. f4 {[%emt 0:00:37]} exf3 {[%emt 0:00:13]} 33. Bxf3 {[%emt
0:00:01]} Ne5 {[%emt 0:00:00]} 34. Bd5 {[%emt 0:00:01]} Rxd5 {[%emt 0:00:11]}
35. Nxd5 {[%emt 0:00:07]} Nf3+ {[%emt 0:00:02]} 36. Kg2 {[%emt 0:00:02]} Nxe1+
{[%emt 0:00:02]} 37. Rxe1 {[%emt 0:00:01] Kemps offers a draw} 1/2-1/2

[Event "Dutch Internet Championship Final"]
[Site "playchess.com #038132"]
[Date "2011.06.18"]
[Round "1.5"]
[White "Zgorl"]
[Black "Reinderman"]
[Result "1/2-1/2"]
[WhiteElo "2450"]
[BlackElo "2502"]
[PlyCount "71"]
[EventDate "2011.06.18"]
[EventType "match (blitz)"]

1. e4 {[%emt 0:00:06]} c5 {[%emt 0:00:02]} 2. Nf3 {[%emt 0:00:02]} Nc6 {[%emt
0:00:01]} 3. d4 {[%emt 0:00:01]} cxd4 {[%emt 0:00:01]} 4. Nxd4 {[%emt 0:00:00]}
g6 {[%emt 0:00:01]} 5. c4 {[%emt 0:00:02]} Bg7 {[%emt 0:00:01]} 6. Nc2 {[%emt
0:00:01]} d6 {[%emt 0:00:02]} 7. Be2 {[%emt 0:00:02]} Nf6 {[%emt 0:00:02]} 8.
Nc3 {[%emt 0:00:01]} Nd7 {[%emt 0:00:03]} 9. Bd2 {[%emt 0:00:03]} O-O {[%emt 0:
00:01]} 10. O-O {[%emt 0:00:01]} Nc5 {[%emt 0:00:01]} 11. b4 {[%emt 0:00:09]}
Ne6 {[%emt 0:00:02]} 12. Rc1 {[%emt 0:00:06]} b6 {[%emt 0:00:08]} 13. Nd5 {
[%emt 0:00:26]} Ncd4 {[%emt 0:00:06]} 14. Nxd4 {[%emt 0:00:04]} Nxd4 {[%emt 0:
00:01]} 15. Bg5 {[%emt 0:00:06]} Nxe2+ {[%emt 0:00:07]} 16. Qxe2 {[%emt 0:00:
03]} Re8 {[%emt 0:00:01]} 17. Rfd1 {[%emt 0:00:04]} f6 {[%emt 0:00:08]} 18. Be3
{[%emt 0:00:05]} e6 {[%emt 0:00:10]} 19. Nc3 {[%emt 0:00:07]} Qe7 {[%emt 0:00:
03]} 20. Nb5 {[%emt 0:00:08]} Rd8 {[%emt 0:00:01]} 21. c5 {[%emt 0:00:02]} dxc5
{[%emt 0:00:08]} 22. Rxd8+ {[%emt 0:00:04]} Qxd8 {[%emt 0:00:01]} 23. bxc5 {
[%emt 0:00:05]} bxc5 {[%emt 0:00:04]} 24. Bxc5 {[%emt 0:00:09]} Ba6 {[%emt 0:
00:05]} 25. a4 {[%emt 0:00:16]} Qd7 {[%emt 0:00:17]} 26. Be3 {[%emt 0:00:22]}
Rb8 {[%emt 0:00:13]} 27. h3 {[%emt 0:00:06]} Bf8 {[%emt 0:00:20]} 28. Rd1 {
[%emt 0:00:33]} Bxb5 {[%emt 0:00:11]} 29. axb5 {[%emt 0:00:02]} Qxb5 {[%emt 0:
00:02]} 30. Qxb5 {[%emt 0:00:01]} Rxb5 {[%emt 0:00:01]} 31. Bxa7 {[%emt 0:00:
00]} Rb7 {[%emt 0:00:05]} 32. Be3 {[%emt 0:00:02]} Kf7 {[%emt 0:00:01]} 33. f3
{[%emt 0:00:05]} Be7 {[%emt 0:00:04]} 34. Kf2 {[%emt 0:00:03]} f5 {[%emt 0:00:
02]} 35. exf5 {[%emt 0:00:02]} exf5 {[%emt 0:00:04]} 36. Rd2 {[%emt 0:00:04]
zgorl doet een remise aanbod} 1/2-1/2

[Event "Dutch Internet Championship Final"]
[Site "playchess.com #038132"]
[Date "2011.06.18"]
[Round "1.6"]
[White "Reinderman"]
[Black "Zgorl"]
[Result "1-0"]
[WhiteElo "2500"]
[BlackElo "2452"]
[PlyCount "55"]
[EventDate "2011.06.18"]
[EventType "match (blitz)"]

1. c4 {[%emt 0:00:01]} Nf6 {[%emt 0:00:05]} 2. Nc3 {[%emt 0:00:03]} e5 {[%emt
0:00:01]} 3. Nf3 {[%emt 0:00:02]} Nc6 {[%emt 0:00:03]} 4. e4 {[%emt 0:00:01]}
Bc5 {[%emt 0:00:08]} 5. Nxe5 {[%emt 0:00:01]} Bxf2+ {[%emt 0:00:07]} 6. Kxf2 {
[%emt 0:00:01]} Nxe5 {[%emt 0:00:00]} 7. d4 {[%emt 0:00:02]} Ng6 {[%emt 0:00:
15]} 8. Be2 {[%emt 0:00:09]} O-O {[%emt 0:00:11]} 9. Rf1 {[%emt 0:00:06]} d6 {
[%emt 0:00:06]} 10. Kg1 {[%emt 0:00:01]} Nd7 {[%emt 0:00:05]} 11. Be3 {[%emt 0:
00:05]} c5 {[%emt 0:00:07]} 12. Qd2 {[%emt 0:00:04]} b6 {[%emt 0:00:19]} 13.
Rad1 {[%emt 0:00:12]} Bb7 {[%emt 0:00:32]} 14. Bf3 {[%emt 0:00:08]} Re8 {[%emt
0:00:08]} 15. Nb5 {[%emt 0:00:13]} Ndf8 {[%emt 0:00:13]} 16. dxc5 {[%emt 0:00:
08]} dxc5 {[%emt 0:00:02]} 17. Nd6 {[%emt 0:00:01]} Qc7 {[%emt 0:00:50]} 18.
Nxb7 {[%emt 0:00:19]} Qxb7 {[%emt 0:00:01]} 19. e5 {[%emt 0:00:01]} Qa6 {[%emt
0:00:04]} 20. Bxa8 {[%emt 0:00:04]} Rxa8 {[%emt 0:00:00]} 21. Qd5 {[%emt 0:00:
06]} Qc8 {[%emt 0:00:15]} 22. Rxf7 {[%emt 0:00:10]} Ne6 {[%emt 0:00:13]} 23.
Rd7 {[%emt 0:00:18]} Ngf8 {[%emt 0:00:01]} 24. Re7 {[%emt 0:00:09]} Kh8 {[%emt
0:00:06]} 25. Qb7 {[%emt 0:00:10]} Qxb7 {[%emt 0:00:14]} 26. Rxb7 {[%emt 0:00:
01]} h6 {[%emt 0:00:01]} 27. Re7 {[%emt 0:00:08]} a6 {[%emt 0:00:04]} 28. Rd6 {
[%emt 0:00:05] zgorl geeft op} 1-0

[Event "Dutch Internet Championship Final"]
[Site "playchess.com #038132"]
[Date "2011.06.18"]
[Round "1.1"]
[White "kingloek"]
[Black "Snorrebaard"]
[Result "1-0"]
[WhiteElo "2907"]
[BlackElo "1855"]
[PlyCount "41"]
[EventDate "2011.06.18"]
[EventType "match (blitz)"]
[TimeControl "180+3"]

1. d4 {[%emt 0:00:02]} d6 {[%emt 0:00:01]} 2. Nf3 {[%emt 0:00:02]} g6 {[%emt 0:
00:01]} 3. c4 {[%emt 0:00:01]} Bg7 {[%emt 0:00:01]} 4. e4 {[%emt 0:00:02]} Nf6
{[%emt 0:00:03]} 5. Nc3 {[%emt 0:00:02]} O-O {[%emt 0:00:01]} 6. Be2 {[%emt 0:
00:01]} e5 {[%emt 0:00:01]} 7. O-O {[%emt 0:00:01]} Nc6 {[%emt 0:00:01]} 8. d5
{[%emt 0:00:01]} Ne7 {[%emt 0:00:00]} 9. b4 {[%emt 0:00:01]} Nh5 {[%emt 0:00:
10]} 10. g3 {[%emt 0:00:02]} Bh3 {[%emt 0:00:42]} 11. Re1 {[%emt 0:00:03]} f5 {
[%emt 0:00:02]} 12. Ng5 {[%emt 0:00:03]} Bg4 {[%emt 0:00:19]} 13. f3 {[%emt 0:
00:11]} Qd7 {[%emt 0:01:09]} 14. fxg4 {[%emt 0:00:04]} Nf6 {[%emt 0:00:01]} 15.
gxf5 {[%emt 0:00:11]} gxf5 {[%emt 0:00:01]} 16. Ne6 {[%emt 0:00:01]} Rf7 {
[%emt 0:00:05]} 17. Rf1 {[%emt 0:00:14]} Nxe4 {[%emt 0:00:17]} 18. Nxe4 {[%emt
0:00:05]} fxe4 {[%emt 0:00:00]} 19. Rxf7 {[%emt 0:00:02]} Kxf7 {[%emt 0:00:00]}
20. Bg4 {[%emt 0:00:04]} h5 {[%emt 0:00:34]} 21. Ng5+ {[%emt 0:00:03]
Snorrebaard resigns  (Lag: Av=0.46s, max=1.2s)} 1-0

[Event "Dutch Internet Championship Final"]
[Site "playchess.com #038132"]
[Date "2011.06.18"]
[Round "1.1"]
[White "Jan Smeets"]
[Black "Bolwerk"]
[Result "1-0"]
[WhiteElo "2844"]
[BlackElo "2281"]
[PlyCount "135"]
[EventDate "2011.06.18"]
[EventType "match (blitz)"]
[TimeControl "180+3"]

1. e4 {[%emt 0:00:02]} c5 {[%emt 0:00:01]} 2. Nf3 {[%emt 0:00:01]} e6 {[%emt 0:
00:01]} 3. d4 {[%emt 0:00:01]} cxd4 {[%emt 0:00:01]} 4. Nxd4 {[%emt 0:00:00]}
a6 {[%emt 0:00:00]} 5. Bd3 {[%emt 0:00:02]} Nf6 {[%emt 0:00:01]} 6. c4 {[%emt
0:00:02]} Qc7 {[%emt 0:00:02]} 7. O-O {[%emt 0:00:03]} d6 {[%emt 0:00:01]} 8.
Nc3 {[%emt 0:00:02]} g6 {[%emt 0:00:01]} 9. Be3 {[%emt 0:00:07]} Bg7 {[%emt 0:
00:01]} 10. Rc1 {[%emt 0:00:02]} Nbd7 {[%emt 0:00:01]} 11. b3 {[%emt 0:00:03]}
O-O {[%emt 0:00:02]} 12. Qe2 {[%emt 0:00:01]} b6 {[%emt 0:00:01]} 13. Rfd1 {
[%emt 0:00:02]} Bb7 {[%emt 0:00:01]} 14. f3 {[%emt 0:00:03]} Rfd8 {[%emt 0:00:
01]} 15. Qf2 {[%emt 0:00:02]} Rab8 {[%emt 0:00:01]} 16. Bf1 {[%emt 0:00:01]}
Ba8 {[%emt 0:00:01]} 17. Kh1 {[%emt 0:00:27]} Bf8 {[%emt 0:00:01]} 18. Bg5 {
[%emt 0:00:04]} Bg7 {[%emt 0:00:01]} 19. Qh4 {[%emt 0:00:02]} Re8 {[%emt 0:00:
04]} 20. Bh6 {[%emt 0:00:04]} Bh8 {[%emt 0:00:01]} 21. Qg3 {[%emt 0:00:04]} Ne5
{[%emt 0:00:07]} 22. a4 {[%emt 0:00:12]} Red8 {[%emt 0:00:17]} 23. Nde2 {[%emt
0:00:18]} Ned7 {[%emt 0:00:13]} 24. Qxd6 {[%emt 0:00:11]} Qxd6 {[%emt 0:00:05]}
25. Rxd6 {[%emt 0:00:02]} Nc5 {[%emt 0:00:01]} 26. Rxd8+ {[%emt 0:00:02]} Rxd8
{[%emt 0:00:01]} 27. Rb1 {[%emt 0:00:30]} Rd3 {[%emt 0:00:10]} 28. b4 {[%emt 0:
00:03]} Ncd7 {[%emt 0:00:09]} 29. Rd1 {[%emt 0:00:02]} Ne5 {[%emt 0:00:09]} 30.
Rxd3 {[%emt 0:00:24]} Nxd3 {[%emt 0:00:01]} 31. Na2 {[%emt 0:00:07]} Nd7 {
[%emt 0:00:20]} 32. Be3 {[%emt 0:00:05]} f5 {[%emt 0:00:12]} 33. exf5 {[%emt 0:
00:03]} exf5 {[%emt 0:00:05]} 34. Kg1 {[%emt 0:00:11]} Bf6 {[%emt 0:00:12]} 35.
Bd4 {[%emt 0:00:47]} Be7 {[%emt 0:00:04]} 36. Bc3 {[%emt 0:00:04]} a5 {[%emt 0:
00:55] '} 37. bxa5 {[%emt 0:00:06]} bxa5 {[%emt 0:00:01]} 38. Nd4 {[%emt 0:00:
06]} Nb4 {[%emt 0:00:04]} 39. Nxb4 {[%emt 0:00:12]} axb4 {[%emt 0:00:03]} 40.
Ba1 {[%emt 0:00:02]} Bc5 {[%emt 0:00:08]} 41. Kf2 {[%emt 0:00:02]} Ne5 {[%emt
0:00:13]} 42. Ke1 {[%emt 0:00:13]} Nd7 {[%emt 0:00:11]} 43. a5 {[%emt 0:00:02]}
Bb7 {[%emt 0:00:06]} 44. Kd2 {[%emt 0:00:02]} Ba6 {[%emt 0:00:04]} 45. Nb3 {
[%emt 0:00:03]} Bg1 {[%emt 0:00:02]} 46. h3 {[%emt 0:00:03]} Nb8 {[%emt 0:00:
16]} 47. Bd3 {[%emt 0:00:06]} Nc6 {[%emt 0:00:01]} 48. c5 {[%emt 0:00:01]} Bb7
{[%emt 0:00:20]} 49. a6 {[%emt 0:00:02]} Ba8 {[%emt 0:00:00]} 50. Bc4+ {[%emt
0:00:01]} Kf8 {[%emt 0:00:02]} 51. Kd3 {[%emt 0:00:09]} Ke7 {[%emt 0:00:06]}
52. Bb2 {[%emt 0:00:04]} g5 {[%emt 0:00:03]} 53. Bb5 {[%emt 0:00:02]} f4 {
[%emt 0:00:03]} 54. Kc4 {[%emt 0:00:01]} h5 {[%emt 0:00:13]} 55. Bxc6 {[%emt 0:
00:05]} Bxc6 {[%emt 0:00:02]} 56. Bd4 {[%emt 0:00:02]} Bh2 {[%emt 0:00:09]} 57.
Na5 {[%emt 0:00:04]} Ba8 {[%emt 0:00:01]} 58. Kxb4 {[%emt 0:00:01]} Kf7 {[%emt
0:00:04]} 59. c6 {[%emt 0:00:01]} Ke6 {[%emt 0:00:02]} 60. Kb5 {[%emt 0:00:02]}
Kd6 {[%emt 0:00:03]} 61. Nb7+ {[%emt 0:00:01]} Kc7 {[%emt 0:00:03]} 62. Be5+ {
[%emt 0:00:02]} Kc8 {[%emt 0:00:00]} 63. Bd4 {[%emt 0:00:02]} g4 {[%emt 0:00:
03]} 64. hxg4 {[%emt 0:00:01]} hxg4 {[%emt 0:00:01]} 65. fxg4 {[%emt 0:00:01]}
f3 {[%emt 0:00:00]} 66. gxf3 {[%emt 0:00:01]} Bf4 {[%emt 0:00:02]} 67. Bb6 {
[%emt 0:00:02]} Bg5 {[%emt 0:00:03]} 68. Nd6+ {[%emt 0:00:03] Bolwerk geeft op
(Lag: Av=0.23s, max=0.7s)} 1-0

[Event "Dutch Internet Championship Final"]
[Site "playchess.com #038132"]
[Date "2011.06.18"]
[Round "1.1"]
[White "Ivan Sokolov"]
[Black "MIGUOELA"]
[Result "1-0"]
[WhiteElo "2167"]
[BlackElo "2365"]
[PlyCount "67"]
[EventDate "2011.06.18"]
[EventType "match (blitz)"]
[TimeControl "180+3"]

1. d4 {[%emt 0:00:03]} Nf6 {[%emt 0:00:02]} 2. c4 {[%emt 0:00:01]} e6 {[%emt 0:
00:01]} 3. Nc3 {[%emt 0:00:02]} Bb4 {[%emt 0:00:02]} 4. e3 {[%emt 0:00:01]} d5
{[%emt 0:00:07]} 5. a3 {[%emt 0:00:03]} Be7 {[%emt 0:00:04]} 6. Nf3 {[%emt 0:
00:03]} O-O {[%emt 0:00:03]} 7. b4 {[%emt 0:00:02]} c6 {[%emt 0:00:09]} 8. Bd3
{[%emt 0:00:07]} Nbd7 {[%emt 0:00:04]} 9. O-O {[%emt 0:00:03]} b6 {[%emt 0:00:
08]} 10. Qc2 {[%emt 0:00:06]} dxc4 {[%emt 0:00:09]} 11. Bxc4 {[%emt 0:00:02]}
c5 {[%emt 0:00:02]} 12. dxc5 {[%emt 0:00:10]} bxc5 {[%emt 0:00:00]} 13. b5 {
[%emt 0:00:01]} Bb7 {[%emt 0:00:04]} 14. Rd1 {[%emt 0:00:03]} Qc7 {[%emt 0:00:
06]} 15. e4 {[%emt 0:00:02]} Nb6 {[%emt 0:00:38]} 16. Be2 {[%emt 0:00:03]} Rfd8
{[%emt 0:00:05]} 17. Bg5 {[%emt 0:00:07]} Rxd1+ {[%emt 0:00:14]} 18. Rxd1 {
[%emt 0:00:03]} Rd8 {[%emt 0:00:02]} 19. Rxd8+ {[%emt 0:00:05]} Qxd8 {[%emt 0:
00:00]} 20. a4 {[%emt 0:00:07]} h6 {[%emt 0:00:04]} 21. Bh4 {[%emt 0:00:04]}
Nbd7 {[%emt 0:00:27]} 22. Nd2 {[%emt 0:00:05]} Ne5 {[%emt 0:00:10]} 23. Bg3 {
[%emt 0:00:03]} Ng6 {[%emt 0:00:10]} 24. h3 {[%emt 0:00:31]} Qd4 {[%emt 0:00:
04]} 25. Qd3 {[%emt 0:00:26]} h5 {[%emt 0:00:21]} 26. Bb8 {[%emt 0:00:11]} Ne5
{[%emt 0:00:18]} 27. Qxd4 {[%emt 0:00:05]} cxd4 {[%emt 0:00:01]} 28. Bxe5 {
[%emt 0:00:06]} dxc3 {[%emt 0:00:01]} 29. Bxc3 {[%emt 0:00:02]} Nxe4 {[%emt 0:
00:03]} 30. Nxe4 {[%emt 0:00:01]} Bxe4 {[%emt 0:00:00]} 31. Bd4 {[%emt 0:00:01]
} Bc2 {[%emt 0:00:08]} 32. a5 {[%emt 0:00:05]} Bd8 {[%emt 0:00:23]} 33. a6 {
[%emt 0:00:08]} Bd1 {[%emt 0:00:21]} 34. Bxd1 {[%emt 0:00:04] MIGUOELA geeft
op  (Lag: Av=0.28s, max=0.6s)} 1-0

[Event "Dutch Internet Championship Final"]
[Site "playchess.com #038132"]
[Date "2011.06.18"]
[Round "1.1"]
[White "Erikerik"]
[Black "Time To Pretend"]
[Result "1-0"]
[WhiteElo "2627"]
[BlackElo "2519"]
[PlyCount "99"]
[EventDate "2011.06.18"]
[EventType "match (blitz)"]
[TimeControl "180+3"]

1. e4 {[%emt 0:00:03]} c5 {[%emt 0:00:01]} 2. Nf3 {[%emt 0:00:01]} d6 {[%emt 0:
00:01]} 3. c3 {[%emt 0:00:01]} Nf6 {[%emt 0:00:02]} 4. Be2 {[%emt 0:00:01]}
Nbd7 {[%emt 0:00:04]} 5. d3 {[%emt 0:00:02]} g6 {[%emt 0:00:01]} 6. O-O {[%emt
0:00:01]} Bg7 {[%emt 0:00:00]} 7. Nbd2 {[%emt 0:00:04]} O-O {[%emt 0:00:01]} 8.
Re1 {[%emt 0:00:06]} b6 {[%emt 0:00:02]} 9. d4 {[%emt 0:00:04]} Bb7 {[%emt 0:
00:07]} 10. Bf1 {[%emt 0:00:18]} e5 {[%emt 0:00:06]} 11. d5 {[%emt 0:00:19]} h6
{[%emt 0:00:04]} 12. a4 {[%emt 0:00:02]} a6 {[%emt 0:00:03]} 13. Nc4 {[%emt 0:
00:14]} Qc7 {[%emt 0:00:04]} 14. Rb1 {[%emt 0:00:21]} Rfb8 {[%emt 0:00:26]} 15.
b4 {[%emt 0:00:23]} b5 {[%emt 0:00:10]} 16. axb5 {[%emt 0:00:08]} axb5 {[%emt
0:00:01]} 17. Na3 {[%emt 0:00:10]} Ba6 {[%emt 0:00:21]} 18. g3 {[%emt 0:00:15]}
c4 {[%emt 0:00:02]} 19. Bh3 {[%emt 0:00:07]} Bc8 {[%emt 0:00:04]} 20. Ra1 {
[%emt 0:00:07]} Ra7 {[%emt 0:00:13]} 21. Be3 {[%emt 0:00:21]} Ra6 {[%emt 0:00:
03]} 22. Nd2 {[%emt 0:00:02]} Qb7 {[%emt 0:00:15]} 23. Qf3 {[%emt 0:00:09]}
Rba8 {[%emt 0:00:03]} 24. Ndb1 {[%emt 0:00:01]} g5 {[%emt 0:00:24]} 25. Bf5 {
[%emt 0:00:04]} Nf8 {[%emt 0:00:01]} 26. h3 {[%emt 0:00:13]} Bxf5 {[%emt 0:00:
04]} 27. Qxf5 {[%emt 0:00:02]} Qd7 {[%emt 0:00:02]} 28. Qxd7 {[%emt 0:00:05]}
N8xd7 {[%emt 0:00:01]} 29. f3 {[%emt 0:00:02]} Nh5 {[%emt 0:00:09]} 30. Kg2 {
[%emt 0:00:02]} Kh7 {[%emt 0:00:13]} 31. Ra2 {[%emt 0:00:02]} Kg6 {[%emt 0:00:
02]} 32. Bc1 {[%emt 0:00:09]} Nhf6 {[%emt 0:00:08]} 33. Rae2 {[%emt 0:00:03]}
Rb8 {[%emt 0:00:02]} 34. g4 {[%emt 0:00:04]} h5 {[%emt 0:00:03]} 35. Nd2 {
[%emt 0:00:02]} Rab6 {[%emt 0:00:17]} 36. Nf1 {[%emt 0:00:02]} hxg4 {[%emt 0:
00:01]} 37. hxg4 {[%emt 0:00:03]} Rh8 {[%emt 0:00:02]} 38. Ng3 {[%emt 0:00:02]}
Ng8 {[%emt 0:00:13]} 39. Nf5 {[%emt 0:00:03]} Bf8 {[%emt 0:00:09]} 40. Be3 {
[%emt 0:00:03]} Rb7 {[%emt 0:00:03]} 41. Ra2 {[%emt 0:00:02]} Nh6 {[%emt 0:00:
06]} 42. Rh1 {[%emt 0:00:02]} Bg7 {[%emt 0:00:10]} 43. Nxd6 {[%emt 0:00:04]}
Rbb8 {[%emt 0:00:03]} 44. Naxb5 {[%emt 0:00:02]} Rhd8 {[%emt 0:00:13]} 45. Ra6
{[%emt 0:00:02]} f6 {[%emt 0:00:01]} 46. Nc7 {[%emt 0:00:07]} Nf7 {[%emt 0:00:
04]} 47. Nxf7 {[%emt 0:00:09]} Kxf7 {[%emt 0:00:01]} 48. Ne6 {[%emt 0:00:01]}
Rg8 {[%emt 0:00:01]} 49. Ra7 {[%emt 0:00:03]} Ke8 {[%emt 0:00:05]} 50. Rh7 {
[%emt 0:00:02] Time To Pretend resigns  (Lag: Av=0.22s, max=0.9s)} 1-0